Sports Quiz

Random Sports or NCAA Quiz

Most NCAA D1 Mens Lacrosse Championships Quiz Stats

 Plays Quiz not verified by Sporcle

Challenge
Share
Tweet
Embed
Score 0/7 Timer 03:00
0 Plays Today
Last year won School % Correct
Last won: 2009Syracuse University
96.1%
Last won: 2007Johns Hopkins University
90%
Last won: 2006University of Virginia
81.8%
Last won: 1991University of North Carolina
81.5%
Last won: 1975University of Maryland
80.9%
Last won: 1977Cornell University
77.8%
Last won: 2001Princeton University
74.4%

You're not logged in!

Compare scores with friends on all Sporcle quizzes.
OR
Log In

You Might Also Like...

Show Comments

Extras

Top Quizzes Today


Score Distribution

Your Account Isn't Verified!

In order to create a playlist on Sporcle, you need to verify the email address you used during registration. Go to your Sporcle Settings to finish the process.

Report this User

Report this user for behavior that violates our Community Guidelines.

Details: